Star Wars Ships Quiz - Statistics

General Stats
  • This quiz has been taken 47 times
    41 since last reset
  • The average score is 10 of 30
Answer Stats
Answer % Correct
1 X wing
96%
9 Y wing
89%
4 TIE fighter
85%
3 Imperial I-class Star Destroyer
81%
7 B wing
78%
5 A wing
74%
14 ARC-170 Starfighter
67%
10 TIE Bomber
67%
11 Venator-class Star Destroyer
48%
2 Yt-1300f light freighter/ millennium falcon
48%
26 Low Altitude Assault Transport
44%
12 Naboo N-1 Starfighter
30%
15 vulture-class droid starfighter
30%
18 Delta-7 Aethersprite-class light interceptor
22%
20 Eta-2 Actis-class light interceptor
15%
19 TIE Defender
15%
8 Imperial Gozanti-class cruiser
11%
24 TIE striker
11%
17 Droid tri-fighter
7%
21 GR-75 medium transport
7%
6 Imperial Lambda-class Shuttle
7%
23 MC80 Home One type Star Cruiser
7%
25 MC80 Liberty type Star Cruiser
7%
22 Arquitens-class command cruiser
4%
29 Mega-class Star Dreadnought
4%
13 Subjugator-class heavy cruiser
4%
28 U-55 orbital loadlifter
4%
27 Upsilon-class command shuttle
4%
16 V-19 Torrent starfighter
4%
30 YC-123B transport hauler/fortitude transport
4%
No matching quizzes found
Score Distribution
Percent of People with Each Score
Percentile by Number Answered
Your Score History
You have not taken this quiz since the last reset